Éléments du droit international public universel, européen et américain / (Record no. 148581)
[ view plain ]
| 000 -LEADER | |
|---|---|
| campo de control de longitud fija | 00602nam a2200181 i 4500 |
| 001 - NÚMERO DE CONTROL | |
| campo de control | 148581 |
| 003 - IDENTIFICADOR DE NÚMERO DE CONTROL | |
| campo de control | ES-MaACL |
| 005 - FECHA Y HORA DE LA ÚLTIMA TRANSACCIÓN | |
| campo de control | 20230906202718.0 |
| 007 - CAMPO FIJO DE DESCRIPCIÓN FÍSICA--INFORMACIÓN GENERAL | |
| campo de control de longitud fija | t| |
| 008 - DATOS DE LONGITUD FIJA--INFORMACIÓN GENERAL | |
| campo de control de longitud fija | 070214s1930 fr r ||||1| fre d |
| 100 1# - ENTRADA PRINCIPAL--NOMBRE DE PERSONA | |
| Nombre de persona | Strupp, Karl. |
| 9 (RLIN) | 108468 |
| 245 10 - MENCIÓN DEL TÍTULO | |
| Título | Éléments du droit international public universel, européen et américain / |
| Mención de responsabilidad, etc. | par Karl Strupp ; préface d'Alejandro Alvarez. |
| 250 ## - MENCION DE EDICION | |
| Mención de edición | 2e éd., rev. et amplement augm. |
| 260 ## - PUBLICACIÓN, DISTRIBUCIÓN, ETC. | |
| Lugar de publicación, distribución, etc. | Paris : |
| Nombre del editor, distribuidor, etc. | Les editions internationales, |
| Fecha de publicación, distribución, etc. | 1930. |
| 300 ## - DESCRIPCIÓN FÍSICA | |
| Extensión | 3 vol. ; |
| Dimensiones | 23 cm. |
| 700 1# - ENTRADA AGREGADA--NOMBRE PERSONAL | |
| Nombre de persona | Alvarez, Alejandro. |
| 9 (RLIN) | 20610 |
| 852 ## - LOCALIZACIÓN | |
| Ubicación | ES-MaACL |
| Número de control de estantería | A-1650-52 |
| Estatus retirado | Estado de pérdida | Estado de daño | No para préstamo | Biblioteca de origen | Biblioteca actual | Ubicación en estantería | Fecha de adquisición | Fuente de adquisición | Total de préstamos | Signatura topográfica completa | Código de barras | Visto por última vez | Precio de reemplazo | Tipo de ítem Koha |
|---|---|---|---|---|---|---|---|---|---|---|---|---|---|---|
| Biblioteca del Ateneo de Madrid | Biblioteca del Ateneo de Madrid | Sala Pecera Planta 1 | 17/01/2008 | A-1650-52 | 1155054 | 23/02/2023 | 23/02/2023 | Libro impreso |
